Представление документа в формате RUSMARC

ПолеНазваниеЗначение
  Тип записи a
  Библиографический уровень m
001 Контрольный номер RU/УГОНБ/EK/89025
005 Дата корректировки 20250520122056.7
010 Индекс ISBN __
a ISBN 5-85050-598-9
d Цена 89 р. 43 к.
100 Данные общей обработки __
a Данные общей обработки 20031216d2001 u u0rusy0189 ca
101 Язык документа 1_
a Язык текста rus
102 Страна публикации __
a Страна публикации RU
105 Кодированные данные (монография) __
a Кодированные данные (монография) a z 001yy
200 Заглавие и сведения об ответственности 1_
a Заглавие Искусство буддизма
f Первые сведения об ответственности Роберт Е. Фишер
g Последующие сведения об ответственности пер. А. Гусев
210 Выходные данные 1_
a Место издания Москва
c Издательство Слово/Slovo
d Дата издания 2001
215 Физическое описание __
a Объем 224 с.
c Иллюстрации/тип воспроизводства ил.
d Формат 21 см
225 Серия 1_
a Серия Большая библиотека "Слова"
320 Библиография __
a Библиография Библиогр.: с. 217-220
330 Аннотация __
a Аннотация В книге рассказывается об образах и символов, без которых нельзя понять буддийское искусство. Знакомство с древними пещерными храмами, рельефами, фресками, громадными статуями, погодами, внушительными каменными комплексами поможет понять и оценить своеобразное искусство Индии, Китая, Кореи, Японии и др. стран Центральной и Юго-Восточной Азии.
606 Тематические рубрики 0_
a Основная рубрика Искусство Востока
610 Ключевые слова 0_
a Ключевые слова искусство Востока
686 Индексы других классификаций __
a Классификационный индекс 85.103(5)
2 Код системы rubbk
700 Автор _1
a Фамилия Фишер
b Имя (инициалы) Р.Е.
g Полное личное имя Роберт Е.
702 Вторичная интеллектуальная ответственность _1
a Фамилия Гусев
b Имя (инициалы) А.
4 Код отношения 730
801 Источник записи _0
a Страна RU
b Организация Ульяновская ОНБ
c Дата составления 20031216
g Правила каталогизации PSBO
801 Источник записи _1
a Страна RU
b Организация Ульяновская ОНБ
c Дата составления 20031216
901 Тип документа __
t Тип документа m
938 Служебная информация __
a Имя БД books
b Имя библиотеки УОНБ
c Имя АИБС МАРК-SQL
d Номер DOC_ID в БД 227529